Top Gear Stars Quiz Stats

 Plays Quiz Updated Apr 20, 2013

Challenge
Share
Tweet
Score 0/25 Timer 05:00
0 Plays Today
Star % Correct
Cameron Diaz
91.4%
Tom Cruise
85.8%
Rowan Atkinson
85.8%
Jay Leno
78.2%
Hugh Grant
75.4%
Simon Cowell
73.6%
Matt LeBlanc
65.8%
Patrick Stewart
62.2%
Lionel Richie
61.3%
will.i.am
60.8%
Mark Wahlberg
60.1%
Ewan McGregor
59.6%
Helen Mirren
58.8%
Star % Correct
Jeff Goldblum
57.8%
Rupert Grint
57.5%
Stephen Fry
53.8%
Gordon Ramsay
53%
Simon Pegg
51.9%
Jamie Oliver
49%
Usain Bolt
44%
Geri Halliwell
43.7%
Michael Gambon
34.1%
Ryan Reynolds
32.7%
Eddie Izzard
24.2%
Christian Slater
13.1%

You're not logged in!

Compare scores with friends on all Sporcle quizzes.
OR
Log In

You Might Also Like...

Show Comments

Extras

Top Quizzes Today


Score Distribution

Your Account Isn't Verified!

In order to create a playlist on Sporcle, you need to verify the email address you used during registration. Go to your Sporcle Settings to finish the process.

Report this User

Report this user for behavior that violates our Community Guidelines.

Details: